000 00521nam a2200181Ia 4500
005 20250508163731.0
008 008 250505s9999 xx 000 0 eng d
037 _aReference
040 _aFEDL
_beng
_cFEDL
041 _aeng
_2eng
084 _a330.9, UND
_qFEDL
245 0 _aHuman development report 1998
245 0 _cUnited Nations Development Programme
260 _aDelhi, India
_bOxford University Press
_c1998
300 _axii,228p.
942 _cREF
_h330.9, UND
999 _c1384960
_d1384960